LEADER 01522nam a2200325 a 4500 001 000000124405 003 CaOOAMICUS 005 20110218171319.0 008 110218s2010 xxu u000 u eng r 020 $a978-0-230-62354-5 040 $aPUL$bita 082 04$a327.1 100 1 $aSchuett, Robert.$0(OLS)http://pul/name/78571 245 10$aPolitical Realism, Freud, and Human Nature in International Relations :$bthe Resurrection of the Realist Man /$cRobert Schuett. 260 $aNew York :$bPalgrave Macmillan,$c©2010. 300 $axii, 237 p. ;$c22 cm 490 1 $aPalgrave Macmillan History of International Thought 500 $aInclude indice. 504 $aBibliografia: p. [207]-231 600 14$aFreud, Sigmund,$d1856-1939.$0(OLS)http://pul/subject/7812 650 4$aRelazioni internazionali.$0(OLS)http://pul/subject/27045 830 0$aPalgrave Macmillan History of international Thought.$0(OLS)http://pul/title/156818 850 $aPUL 852 $aPUL$W1$xSL Diritto e Scienze Sociali 3$y79$m327. 1 SCHRO 1$j143206$qDDC 21$B142242$CPULBib$Z2$F142242 $H115382 $82 941 1 $a9 996 $6020$a978-0-230-62354-5$9(OLS)http://pul/number/146420 996 $6082$a327.1$9(OLS)http://pul/classification/598 996 $6245$aPolitical Realism, Freud, and Human Nature in International Relations :$bthe Resurrection of the Realist Man$9(OLS)http://pul/title/156816 996 $6260$aNew York :$bPalgrave Macmillan$9(OLS)http://pul/publisher/75784 LEADER 01624nam a2200337 a 4500 001 000000165785 003 CaOOAMICUS 005 20180208105800.0 008 180208m20169999gw d b u000 u ger r 020 $a978-3-451-23732-4 (v. 1)* 032 $aLibriCat 040 $aPUL$bita 041 1 $ager$alat$hlat$aeng$heng$afre$hfre$aita$hita$aspa$hspa 100 1 $aRahner, Karl,$cS.I.,$d1904-1984.$0(OLS)http://pul/name/3587 245 10$aErgänzungen /$cKarl Rahner ; Bearbeitet von Albert Raffelt. 260 $aFreiburg ;$aBasel ;$aWien :$bHerder,$c©2016. 300 $aXXVI, 573 p. :$bgrafici ;$c24 cm. 490 1 $aSämtliche Werke ;$v32.1 504 $aInclude riferimenti bibliografici. 546 $aTesto in tedesco; documenti in inglese, spagnolo, latino, italiano e francese con traduzione tedesca su due colonne. 700 1 $aBatlogg, Andreas R.,$cs.j.,$d1962-$0(OLS)http://pul/name/50336 800 1 $aRahner, Karl,$cS.I.,$d1904-1984.$tOpera omnia ;$v32.1.$0(OLS)http://pul/nameTitle/1412$0(OLS)http://pul/name/3587$0(OLS)http://pul/title/2415 830 0$aKarl Rahner Sämtliche Werke ;$v32.1.$0(OLS)http://pul/title/205455 850 $aPUL 852 $aPUL$W1$xSL Religione 1$y3$m56 P 32.1$j190174$bv. 1$qStampati$B193149$CPULBib$Z2$F193149 $H130463 $81 941 1 $a8 983 0$aSämtliche Werke / Rahner, Karl. 996 $6020$a978-3-451-23732-4 (v. 1)*$9(OLS)http://pul/number/163416 996 $6245$aErgänzungen$9(OLS)http://pul/title/205476 996 $6260$aFreiburg ;$aBasel ;$aWien :$bHerder$9(OLS)http://pul/publisher/48104